Villes de France avec le plus d'immigrés - Statistiques

Statistiques générales
  • Ce quiz a été pris 135 fois
  • Le résultat moyen est 12 sur 20
Statistiques - réponses
# Population Ville % Correct
2 132.993 Marseille
100%
1 435.015 Paris
100%
11 32.475 Lille
96%
4 70.738 Lyon
95%
3 78.612 Toulouse
88%
14 30.104 Bordeaux
87%
5 66.982 Nice
85%
6 63.713 Strasbourg
82%
10 35.083 Nantes
75%
7 53.529 Montpellier
68%
8 43.303 Saint-Denis
63%
16 29.118 Grenoble
59%
13 31.628 Saint-Étienne
46%
15 29.451 Villeurbanne
27%
19 27.880 Montreuil
24%
18 28.189 Mulhouse
22%
12 32.272 Argenteuil
21%
9 41.417 Aubervilliers
21%
20 26.642 Aulnay-sous-Bois
9%
17 28.780 Vitry-sur-Seine
8%
Aucun quiz correspondant
Distribution des résultats
% des personnes avec chaque résultat
Percentile par nombre de réponses
Votre historique - résultats
Vous n’avez pas pris ce quiz